Vyznajte sa: Ako najlepšie riadiť ľudí

Základné východiskové princípy riadenia a vedenia ľudí v každej spoločnosti. Hlavné ciele systému riadenia a vedenia ľudí a zefektívňovanie firemných procesov. Koncepcie a jednotlivé prístupy riadenia.

Na minha lista:
Detalhes bibliográficos
Autor principal: Ostertág, Peter
Formato: Capítulo de Livro
Idioma:eslovaco
Assuntos:
Tags: Adicionar Tag
Sem tags, seja o primeiro a adicionar uma tag!

MARC

LEADER 00000naa a2200000 4500
001 0221829
005 20230912114907.2
041 0 |a slo 
044 |a SK 
245 1 0 |a Vyznajte sa: Ako najlepšie riadiť ľudí  |c Peter Ostertág 
520 |a Základné východiskové princípy riadenia a vedenia ľudí v každej spoločnosti. Hlavné ciele systému riadenia a vedenia ľudí a zefektívňovanie firemných procesov. Koncepcie a jednotlivé prístupy riadenia. 
610 2 0 |a manažment 
610 2 0 |a manažéri 
610 2 0 |a vedenie ľudí 
610 2 0 |a vedenie podniku 
610 2 0 |a metódy riadenia 
610 2 0 |a riadenie podľa cieľov 
610 2 0 |a procesy podnikové 
100 1 |a Ostertág, Peter